Съчинения (Запис номер 128109)
[ съкратено ]
| 000 -Лидер | |
|---|---|
| Контролно поле с фиксирана дължина | 01661nam a2200313 a 4500 |
| 003 - Код на организацията, давaща контролен номер | |
| Контролно поле | BLK |
| 005 - Дата и час на последна редакция | |
| Контролно поле | 20240321124851.0 |
| 008 - Елементи от данни с фиксирана дължина | |
| fixed length control field | 180409b bul|||||r ||||||| ||bul|| |
| 010 ## - Наследен системен номер | |
| LC control number | KNG00133828000 |
| 040 ## - Източник на каталожния запис | |
| Идентификатор на билиотеката - собственик на записа | BLK |
| 041 ## - Код за език | |
| Код за езика на текст/звукозапис или на отделно заглавие | Български |
| Код за езика КДБФ | Български |
| 080 ## - УДК | |
| Текстов определител УДК | Партии и движения със социалистически и социалдемократически възгледи. Социалистически и социалдемократически партии. Вж и 327. 323 |
| УДК код - определител по УДК | 329.14 |
| УДК определител | (497.2)(081.1) |
| УДК - код + определител | 329.14(497.2)(081.1) |
| 100 ## - Редна дума - Автор | |
| Автор | Благоев, Димитър |
| Автор - информация (биография) | Дядото |
| Дати, свързани с автора | 1856 - 1924 |
| Пълна форма на името | Николов, Димитър Благоев |
| R(LIN) | 377352 |
| 139 ## - Редно поле | |
| Редна дума | Благоев, Димитър |
| Авторски знак | Бл - Б 47 |
| 245 10 - Сведения за заглавието | |
| Заглавие | Съчинения |
| Подзаглавни данни | Т. 1 - |
| Редно поле (дума) | Димитър Благоев; предг. от на том Петър Цанев. |
| Том | Т. 6 |
| Заглавие на том | 1900 - 1901 |
| 257 ## - Страна на издаване | |
| Страна на създаване/издаване | България |
| 260 ## - Област на издателските данни | |
| Име на издателя, разпространителя и проч. | БКП |
| Година на издаване | 1958 |
| Място на издаване, разпространение и проч. | София |
| 300 ## - Физическа характеристика | |
| Размери/Мащаб | 20 см |
| Страници | ХХVIII, 689 с., 2 л. : факс., 1 л. : ил. |
| 380 ## - Жанр | |
| Жанр | Обществени науки |
| 500 ## - Общи забележки | |
| Забележка | Пълното име на авт. е Димитър Благоев Николов. - 6 100 тир. |
| 650 #4 - Допълнително описание по предмет – тема | |
| Основно описание – тема или топоним | Благоев, Димитър - възгледи |
| 9 (RLIN) | 294210 |
| 653 ## - Ключова дума – ненормативна | |
| Ключова дума | Димитър Благоев |
| 700 1# - Други автори (авторска отговорност) | |
| Лично име | Цанев, Петър |
| Автороска отговорност (Описва отношението между автора и произведението) | предг. от на том |
| 9 (RLIN) | 376893 |
| 760 1# - Описание на основната серия | |
| Редна дума на основното описание | Благоев, Димитър |
| Място на издаване, издател и година | 1958 |
| Страници - том | ХХVIII, 689 с., 2 л. : факс., 1 л. : ил. |
| Заглавие | Т. 6 1900 - 1901 |
| 852 ## - Местоположение | |
| Форматна сигнатура | Цб 6601 |
| Фондова буква | Хранилище |
| 999 ## - СИСТЕМНИ КОНТРОЛНИ НОМЕРА | |
| Koha biblionumber | 128109 |
| Koha biblioitemnumber | 128109 |
| 942 ## - АРТИКУЛИ | |
| Вид на библиотечния материал | Книги |
| Скрит в OPAC | Не |
| Периодичен библиозапис | Да |
| 944 ## - СЪЗДАВАНЕ И РЕДАКЦИЯ на ЗАПИСА | |
| Създаване/Редакция | Създаване |
| Дата на регистрацията/редакция | 19.09.2012 |
| Статус, дата на статуса | Нора Радева |
| Служител, извършил регистрацията/редакцията | 30545 |
| 944 ## - СЪЗДАВАНЕ И РЕДАКЦИЯ на ЗАПИСА | |
| Създаване/Редакция | Редакция |
| Дата на регистрацията/редакция | 2021-11-03 |
| Статус, дата на статуса | 2021-11-03 |
| Код за отписване | Код за изгубен артикул | Източник на класификационната схема | Код за повреда | Коз за рестрикции | Код за отдаване | Артикулен № | Име на библиотеката - собственик | Име на библиотеката, в която се намира в момента | Статус (Текущо местоположение) | Дата на вписване в системата | Местоположение - отдел | Цена в лева | Инвентарен номер | Систематично азбучна сигнатура | Баркод | Номер на екземпляра | Цена в евро | Служебна бележка | Служебен тип на артикула |
|---|---|---|---|---|---|---|---|---|---|---|---|---|---|---|---|---|---|---|---|
| Не е изгубен | Universal Decimal Classification | Не е повреден | само за читалня | ползва се в читалня | 208270 | Регионална библиотека "Любен Каравелов" Русе | Регионална библиотека "Любен Каравелов" Русе | Хранилище | 1958-01-01 | Основен фонд - ползва се само за читалня | 1.23 | 11023/58 | Цб 6601 | 900000083481 | 1 | 0.63 | N: стар фонд Дата: 01.01.1958 | Книги |